000 00429nam a2200121Ia 4500
008 171212s9999 xx 000 0 und d
020 _a9780833078452
100 _aMorgan, Forrest E.
245 _cMorgan, Forrest E.
_aCrisis Stability and Long-Range Strike
_bA Comparative Analysis of Fighters, Bombers, and Missiles
260 _bRAND Corporation
_c2013
650 _aHistory
856 _uwww.jstor.org/stable/10.7249/j.ctt3fh1db
999 _c351911
_d351911